La balada del marinero de antaño / (Record no. 45378)

MARC details
000 -LEADER
campo de control de longitud fija 00803nam a2200205 i 4500
001 - NÚMERO DE CONTROL
campo de control 45378
003 - IDENTIFICADOR DE NÚMERO DE CONTROL
campo de control ES-MaACL
005 - FECHA Y HORA DE LA ÚLTIMA TRANSACCIÓN
campo de control 20231218150755.0
007 - CAMPO FIJO DE DESCRIPCIÓN FÍSICA--INFORMACIÓN GENERAL
campo de control de longitud fija t|
008 - DATOS DE LONGITUD FIJA--INFORMACIÓN GENERAL
campo de control de longitud fija 030325s1981 sp ||||1| spa d
100 1# - ENTRADA PRINCIPAL--NOMBRE DE PERSONA
Nombre de persona Coleridge, Samuel Taylor.
9 (RLIN) 39581
245 13 - MENCIÓN DEL TÍTULO
Título La balada del marinero de antaño /
Mención de responsabilidad, etc. Samuel Taylor ; traducción de José Siles Artés ; ilustracions de Antonio Jiménez Lara.
260 ## - PUBLICACIÓN, DISTRIBUCIÓN, ETC.
Lugar de publicación, distribución, etc. [Madrid :
Nombre del editor, distribuidor, etc. s.n.,
Fecha de publicación, distribución, etc. 1981] (
Fabricante Artes Gráficas)
300 ## - DESCRIPCIÓN FÍSICA
Extensión 60 p. :
Otras características físicas il. ;
Dimensiones 24 cm.
500 ## - NOTA GENERAL
Nota general Cuaderno con el texto en inglés "Poetical Works, 1834. The rime of the ancient mariner" in seven parts, 18 págs.
700 1# - ENTRADA AGREGADA--NOMBRE PERSONAL
Nombre de persona Siles Artés, José,
Fechas asociadas al nombre 1930-
9 (RLIN) 106341
700 1# - ENTRADA AGREGADA--NOMBRE PERSONAL
Nombre de persona Jiménez Lara, Antonio.
9 (RLIN) 66544
852 ## - LOCALIZACIÓN
Ubicación ES-MaACL
Número de control de estantería L-1946
Sublocalización o colección R.102670
Holdings
Estatus retirado Estado de pérdida Estado de daño No para préstamo Biblioteca de origen Biblioteca actual Ubicación en estantería Fecha de adquisición Fuente de adquisición Total de préstamos Signatura topográfica completa Código de barras Visto por última vez Precio de reemplazo Tipo de ítem Koha
        Biblioteca del Ateneo de Madrid Biblioteca del Ateneo de Madrid Depósito 2 17/01/2008     L-1946 1047747 23/02/2023 23/02/2023 Libro impreso